00384cam a22001337a 4500008004000000082001400040100001600054245005900070260003100129300001000160650003300170650002100203650002600224180718b1983 xxu||||| |||| 00| 0 eng d aA99 M721c aMody, Piloo aCritique : selected works of Piloo Modycby Piloo Mody aNew DelhibNewsindiac1983 a183p. aEconomic development - India aIndia - Politics aMody,Piloo, 1926-1983